|
|
|
|
| LEADER |
01998nam a2200433 a 4500 |
| 001 |
EBC415475 |
| 003 |
MiAaPQ |
| 005 |
20200520144314.0 |
| 006 |
m o d | |
| 007 |
cr cn||||||||| |
| 008 |
060913s2007 enkb sb 001 0 eng |
| 010 |
|
|
|z 2006030360
|
| 015 |
|
|
|a GBA673948
|2 bnb
|
| 016 |
7 |
|
|z 013541075
|2 Uk
|
| 020 |
|
|
|z 0199203970 (alk. paper)
|
| 020 |
|
|
|z 9780199203970 (alk. paper)
|
| 035 |
|
|
|a (MiAaPQ)EBC415475
|
| 035 |
|
|
|a (Au-PeEL)EBL415475
|
| 035 |
|
|
|a (CaPaEBR)ebr10271489
|
| 035 |
|
|
|a (CaONFJC)MIL114870
|
| 035 |
|
|
|a (OCoLC)476242624
|
| 040 |
|
|
|a MiAaPQ
|c MiAaPQ
|d MiAaPQ
|
| 043 |
|
|
|a f-ua---
|
| 050 |
|
4 |
|a HE161
|b .A33 2007
|
| 082 |
0 |
4 |
|a 388.0932/09015
|2 22
|
| 100 |
1 |
|
|a Adams, C. E. P.
|q (Colin E. P.)
|
| 245 |
1 |
0 |
|a Land transport in Roman Egypt
|h [electronic resource] :
|b a study of economics and administration in a Roman province /
|c Colin Adams.
|
| 260 |
|
|
|a Oxford ;
|a New York :
|b Oxford University Press,
|c 2007.
|
| 300 |
|
|
|a xiv, 331 p. :
|b maps.
|
| 490 |
1 |
|
|a Oxford classical monographs
|
| 504 |
|
|
|a Includes bibliographical references (p. [292]-314) and index.
|
| 505 |
0 |
|
|a Introduction : transport and the economy of the Roman world -- The geography, topography and land transport networks of Egypt -- Transport animals and wagons -- Animal use and maintenance -- Animal trade and ownership -- State control of animal ownership -- Animal requisition -- State grain transport -- Deserts and military supply -- Trade and transport -- Transport and the land economy -- Conclusion.
|
| 533 |
|
|
|a Electronic reproduction. Ann Arbor, MI : ProQuest, 2015. Available via World Wide Web. Access may be limited to ProQuest affiliated libraries.
|
| 650 |
|
0 |
|a Transportation
|z Egypt
|x History.
|
| 651 |
|
0 |
|a Egypt
|x Economic conditions.
|
| 655 |
|
4 |
|a Electronic books.
|
| 710 |
2 |
|
|a ProQuest (Firm)
|
| 830 |
|
0 |
|a Oxford classical monographs.
|
| 856 |
4 |
0 |
|u https://ebookcentral.proquest.com/lib/matrademy/detail.action?docID=415475
|z Click to View
|